Θέματα εκκλησιαστικής ιστορίας

Αποθηκεύτηκε σε:
Λεπτομέρειες βιβλιογραφικής εγγραφής
Κύριος συγγραφέας: Κουκουσάς, Βασίλειος
Άλλοι συγγραφείς: Βαλαής, Διονύσιος Δ.
Μορφή: Βιβλίο
Γλώσσα:Greek
Δημοσίευση: Θεσσαλονίκη : Μπαρμπουνάκης, 2011.
Θέματα:
Ετικέτες: Προσθήκη ετικέτας
Δεν υπάρχουν, Καταχωρήστε ετικέτα πρώτοι!

MARC

LEADER 00000nam a2200000 a 4500
001 1/116473
008 180511s2011####gr | ||| |||| ||gre||
020 |a 9789602671733  
040 |a GR-MyUa  |b gre  |c GR-MyUa  |e AACR2 
041 0 |a gre 
082 7 |a 270   |2 (23) 
100 1 |a Κουκουσάς, Βασίλειος. 
245 1 0 |a Θέματα εκκλησιαστικής ιστορίας /   |c Βασίλειος Κουκουσάς, Διονύσιος Βαλαής.  
260 |a Θεσσαλονίκη :   |b Μπαρμπουνάκης,   |c 2011.  
300 |a 721 σ. ;   |c 21 εκ.  
504 |a Περιλαμβάνει ευρετήριο.  
650 0 |a Church history 
650 0 |a Christianity. 
700 1 |a Βαλαής, Διονύσιος Δ. 
852 |a INST  |b LESVOS  |c EUDOXUS  |e 20180511  |h 270 ΚΟΥ  |p 005100060254  |q 005100060254  |t EDX  |v τομ.Β:  |y 0 
853 |a INST  |b LESVOS  |c EUDOXUS  |h 270 ΚΟΥ 
920 |a Εύδοξος  |b Παραγγελία  |y Λέσβος-ΤΚΑΙ  |z 2018-04 
970 |z 11-05-2018